000 01981nam a2200289 i 4500
001 25385
003 ES-MaACL
005 20250809035824.0
007 t|
008 021226s1890 sp |||| | spa d
100 1 _aArmengol y Cornet, Pedro,
_d1837-1896
_922949
245 1 3 _aEl Congreso Penitenciario Internacional de Roma
_b: memoria expositiva de las discusiones y acuerdos del mismo /
_credactada y presentada a la Excma. Diputación Provincial de Barcelona por... Pedro Armengol y Cornet.
260 _aBarcelona :
_b[s.n.],
_c1890 (
_fTip. de la Casa Provincial de Caridad)
300 _a319 p. ;
_c20 cm.
505 8 _aIncluye:
_tPrograma del Primer Congreso Internacional de Antropología Criminal
530 _aDisponible en formato digital.
533 _aCopia digital.
_bEspaña :
_cMinisterio de Cultura y Deporte. Subdirección General de Coordinación bibliotecaria,
_d2018.
540 _aLa copia digital se distribuye bajo licencia "attribution 4.0 International (CC BY 4.0):
_uhttps://creativecommons.org/licenses/by/4.0/
611 2 4 _aCongresso Penitenziario Internazionale (
_n3º.
_d1884.
_cRoma)
_9150488
650 0 7 _aDerecho penitenciario
_2embne
_9188563
650 4 _aEstablecimientos penitenciarios-
_vCongresos y asambleas.
_9163123
852 _aES-MaACL
_jD-67
_bR.M.56
_cSVI
_dOlim: 192-C-11
_fSello en tinta en portada: "Donativo del Sr. Lastres al Ateneo de Madrid. 1907"
_hDonación: Francisco Lastres y Juiz
_xEncuadernación holandesa
_gAnotación manuscrita en anteportada: "Al desaparecido escritor público y constante fomentador de la Reforma Penitenciaria. El mismo Sr. D. Francisco Lastres, recuerdo de un amigo y compañeero. El autor. [Rúbrica]."
_926322
856 _uhttps://bvpb.mcu.es/es/consulta/registro.do?control=BVPB20190014007
_yVersión en línea
_zBiblioteca Virtual del Patrimonio Bibliográfico
903 _aLastres y Juiz, Francisco,
_d1848-1918
_q1
_ednr
_970504
942 _2udc
_cMONOGRAFIA
999 _c25385
_d25385